000 00832nam a2200349Ia 4500
003 GCL
008 140319s9999 xx 000 0 eng d
040 _aGCL /
_cGCL
082 0 4 _aREF
_b956
_bE M
100 1 _aEUROPA PUBLICATIONS LIMITED
245 1 0 _aTHE MIDDLE EAST AND NORTH AFRICA 1997 /
_cEUROPA PUBLICATIONS LIMITED
260 _a[S.N] :
_bEUROPA PUBLICATIONS LIMITED ،
_c1997
300 _a1104
650 0 4 _aTURKEY
650 0 4 _aEGYPT
650 0 4 _aISRAEL
650 0 4 _aMIDDLE EAST
650 0 4 _aMOROCCO
650 0 4 _aKUWAIT
650 0 4 _aIRAQ
650 0 4 _aNORTH AFRICA
650 0 4 _aALGERIA
650 0 4 _aYEMEN
650 0 4 _aIRAN
650 0 4 _aSYRIA
650 0 4 _aOMAN
650 0 4 _aTUNISIA
650 0 4 _aUNITED ARAB EMIRATES
650 0 4 _aLEBANON
650 0 4 _aJORDAN
942 _2ddc
_cBK
999 _c15523
_d15523